| 000 | 00693nam a22002537a 4500 | ||
|---|---|---|---|
| 003 | UA-OsUOA | ||
| 001 | 32518 | ||
| 007 | ta | ||
| 008 | 20050204b un ||||| |||| 00| 0 ukr d | ||
| 100 | _aХартуик Дж. | ||
| 090 |
_a336 _bХ22 |
||
| 942 | _cBK | ||
| 040 |
_aUA-OsUOA _brus _cUA-OsUOA _dUA-OsUOA |
||
| 245 |
_aКое-что о цене _cДж. Хартуик; Сост. В. С. ЧардымскийСост. В. С.Чардымский |
||
| 300 | _a96 с. | ||
| 955 | _a0 | ||
| 041 | _arus | ||
| 080 | _a336 | ||
| 020 | _a5-7106-0257-Х | ||
| 260 |
_aМосква _b"Издательский Дом Лада М" _c1995 |
||
| 044 | _aRU | ||
| 650 | 7 | _2UDC | |
| 999 |
_c318963 _d318963 |
||